000 00484nam a2200145 4500
999 _c17021
_d17021
008 220526b ||||| |||| 00| 0 eng d
022 _a0117-3308
082 _aDPer 004.1105 C73 Sept 2010 - April 2011 v. 20 n. 3-9
245 _aHow to write a resignation letter.
260 _aPhilippines:
_bSchneider Electric,
_c©2010-2011.
300 _av20 n9, page 45:
_bcolor illustrations;
_c27 cm.
500 _aComputer world.
650 _aResignation
_xLetters.
_945276
942 _2ddc
_cPER